01946cam a22003615a 45000010009000000050017000090080041000260100017000670200018000840200015001020350024001170400039001410420014001800430012001940820019002060840015002252450052002402460035002922600047003273000050003744900030004245000133004545040049005875050580006366500056012166500047012726500052013196500031013717100023014029420012014259990017014379520130014541605964720100122140802.0100119s2010 wauab |rb i001 0 eng d a 2010275385 a9780821379875 a0821379879 a(OCoLC)ocn377809005 aBTCTAcBTCTAdJFLdOUBdNLGGCdDLC alccopycat ax------04a363.7222bCLI a83.462bcl00aDevelopment and Climate Change/cThe World Bank30aDevelopment and climate change aWashington, DC :bWorld Bank, 2010cc2010. axxi, 417 p. :bcol. ill., col. maps ;c27 cm. aWorld development report  a" ... a product of the staff of the International Bank for Reconstruction and Development/The World Bank."--Verso of title page. aIncludes bibliographic references and index.0 aOverview: Changing the climate for development. 1. Understanding the links between climate change and development. -- 2. Reducing human vulnerability: Helping people help themselves. -- 3. Managing land and water to feed nine billion people and protect natural systems. --- 4. Energizing development without compromising the climate. -- 5. Integrating development into the global climate regime. -- 6. Generating the funding needed for mitigation and adaptation. -- 7. Accelerating innovation and technology diffusion. -- 8. Overcoming behavioral; and institutional inertia. 0aEconomic developmentxEnvironmental aspects.912490 0aClimatic changesxEconomic aspects.912491 0aClimatic changesxEnvironmental aspects.912492 0aEconomic geography.9124932 aWorld Bank.912494 2ddccBB c13636d13636 00102ddc40708MERICaMAINbMAINc1STd2010-03-11epurchaseg93.10h10029l0o363.7 CLIp000020158r2025-07-15 00:00:00yBB